00883nam a2200241 a 4500001000800000005001700008008004100025041000800066044000700074050002400081100002800105245006600133260004400199300004400243440013100287500001000418500003100428650002700459902000800486942001100494999001500505952012100520BRL_49320190320210753.0210813s1959----gw-abo####---#000-0#ger-# ager agw 4aN5305b.K86 10 19591 aA. Wagner, Frits92409510aIndonesienbDie kunst eines inselreichescvon Frits A. Wagner aGermanybHolle-Verlag Baden-Badenc1959 a259 p.b61 il. algunas a color)c23 cm. 0aKunst der Welt; ihre geschichtlichen, soziologischen und religiösen GrundlagenpDie aussereuropäischen Kulturenv10924096 aAu519 aBibliografía: p.247-249.14aArtezIndonesia924097 aGRL 2lcccB c9305d9305 00104070aBRLbBRLd2013-08-21iAu519l0oN5305 .K86 10 1959 (Au519)pGRL00542r2019-03-22 00:00:00w2019-03-22yB